Normal view
MARC view
Entry Uniform Title
001 - CONTROL NUMBER
- control field: 29366
003 - CONTROL NUMBER IDENTIFIER
- control field: dpl
005 - DATE AND TIME OF LATEST TRANSACTION
- control field: 20110711104536.0
008 - FIXED-LENGTH DATA ELEMENTS
- fixed length control field: 110711|||a|||||| | ||| d
040 ## - CATALOGING SOURCE
- Original cataloging agency: dpl
- Transcribing agency: dpl
130 ## - HEADING--UNIFORM TITLE
- Uniform title: राष्ट्रभारती लोकोदय ग्रन्थमालाःग्रन्थांक;1112/ रविन्द्र कालिया द्वारा संपादित
670 ## - SOURCE DATA FOUND
- Source citation: Work cat.: (dpl)52171: कालिया, ममता 29365, दुक्खम सुक्खम /, 2011
670 ## - SOURCE DATA FOUND
- Source citation: Work cat.: (dpl)52171: कालिया, ममता 29365, दुक्खम सुक्खम /, 2011
